Inovace v malých a středních podnicích Francie

Úloha malých a stredných podnikov vo francúzskom hospodárstve. Tvoria 99 perc. z celkového počtu podnikov, zamestnávajú 68,9 perc. pracovníkov a vytvárajú 61,8 perc. celkovej produkcie. Význam prisudzovaný podpore inovácií v týchto podnikoch. Systém inštitúcií na podporu malých a stredných podnikov...

Descripción completa

Guardado en:
Detalles Bibliográficos
Autor principal: Špindler, K.
Formato: Capítulo de libro
Lenguaje:checo
Materias:
Etiquetas: Agregar Etiqueta
Sin Etiquetas, Sea el primero en etiquetar este registro!

MARC

LEADER 00000naa a2200000 4500
001 r022306
005 20230920093223.9
041 0 |a cze 
044 |a CZ 
245 1 0 |a Inovace v malých a středních podnicích  |b Francie  |c K. Špindler 
520 |a Úloha malých a stredných podnikov vo francúzskom hospodárstve. Tvoria 99 perc. z celkového počtu podnikov, zamestnávajú 68,9 perc. pracovníkov a vytvárajú 61,8 perc. celkovej produkcie. Význam prisudzovaný podpore inovácií v týchto podnikoch. Systém inštitúcií na podporu malých a stredných podnikov - Národná agentúra na podporu výskumu ANVAR, Národná agentúra pre zakladanie podnikov ANCE, Združenie na podporu priemyselného rozvoja APRODI, Francúzska spoločnosť poskytujúca finančné záruky malým a stredným podnikom SOFARIS. Poradenstvo a informačné služby. 
610 2 0 |a podnik malý 
610 2 0 |a podnik stredný 
610 2 0 |a inovácia 
610 2 0 |a podpora podnikania 
610 2 0 |a poradenstvo 
610 2 0 |a služby informačné 
610 2 0 |a Francúzsko 
100 1 |a Špindler, K.